Gestación y desarrollo de un sindicato: el caso del SINDEU (1962-1978) /

Uloženo v:
Podrobná bibliografie
Hlavní autor: Calero J, Mª Cecilia
Další autoři: Coto M, Xinia, Chacón A, Isabel
Médium: Text
Vydáno: San Pedro de M. de O. :
Tagy: Přidat tag
Žádné tagy, Buďte první, kdo vytvoří štítek k tomuto záznamu!

MARC

LEADER 00000 a a2200000 04500
001 15699
003
040
090 |a EXTRAVIADO  
100 |a Calero J, Mª Cecilia  
245 |a Gestación y desarrollo de un sindicato: el caso del SINDEU (1962-1978) /  |c Mª Cecilia Calero J. 
260 |a San Pedro de M. de O. :  
300 |a 68 p.  
700 |a Coto M, Xinia  
700 |a Chacón A, Isabel  
999 |c 16346  |d 16346